| 000 | 00477cam a2200205ua 4500 | ||
|---|---|---|---|
| 020 | _c12.50 | ||
| 041 |
_aeng _h |
||
| 082 |
_a301 _bLOO/ME |
||
| 100 | _aLoomis, . | ||
| 245 |
_aModern social theories / _cLoomis. _hTextual Documents |
||
| 250 |
_a1 / _b. |
||
| 260 |
_a : _bD.Van nostrant co. , _c1963. |
||
| 300 | _a719 ; . | ||
| 365 | _a12.50 | ||
| 504 | _a | ||
| 700 | 1 | _aCharles, P . | |
| 700 | 1 | _aLoomis, Zora k . | |
| 942 | _cBK | ||
| 999 |
_c2066 _d2066 |
||